000
00446nam a2200133Ia 4500
008
100328s9999 xx 000 0 und d
082
_b
45674
100
_a
यादवाडकर प्रकाश
245
_a
आदित्यमित्र
260
_b
ग्रंथाली अभिनव वाचक चळवळ
630
_a
आदित्यमित्र
730
_a
आदित्यमित्र
942
_c
BOOK
999
_c
533772
_d
533769